Outfitting your home business for much less /

Finding the right computer system at the right price. Notebooks and other portables. Not all printers are created equal. Multimedia. Palmtops, PDAs, and gadgets. Networking your computers. Business software. Fax machines, copiers, and more. Office furniture. Office supplies...

Đã lưu trong:
书目详细资料
主要作者: Zooi, Walter.
格式: 图书
语言:English
出版: New York : Amacom, 2000.
主题:
标签: 添加标签
没有标签, 成为第一个标记此记录!
Thư viện lưu trữ: Mạng thư viện Đại học Đà Nẵng
LEADER 01448cam a2200409 i 4500
001 000047495
003 7178
005 20030311112317.0
008 010321|2000 vm 000 eng
020 |a 0814479936 
040 |a IRC  |c IRC  |d IRC 
041 0 |a eng 
082 1 4 |a 658.72  |b ZO-W 
100 1 |a Zooi, Walter. 
245 0 0 |a Outfitting your home business for much less /  |c Walter Zooi with Paul and Sarah Edwards. 
260 |a New York :  |b Amacom,  |c 2000. 
300 |a xix, 315 p. ;  |c 23cm. 
520 3 |a Finding the right computer system at the right price. Notebooks and other portables. Not all printers are created equal. Multimedia. Palmtops, PDAs, and gadgets. Networking your computers. Business software. Fax machines, copiers, and more. Office furniture. Office supplies... 
630 0 4 |a Business. 
630 0 4 |a Computers. 
630 0 4 |a Purchasing. 
630 0 4 |a Small business. 
650 0 4 |a Office equipment and supplies  |x Purchasing. 
650 0 4 |a Home offices  |x Equipment and supplies  |x Purchasing. 
650 0 4 |a Home-based businesses  |x Equipment and supplies  |x Purchasing. 
650 0 4 |a Small business  |x Equipment and supplies  |x Purchasing. 
650 0 4 |a Computers  |x Purchasing. 
OWN |a DUT 
999 |a From the UDN01 
TYP |a Monograph 
TYP |a Printed language 
980 |a Mạng thư viện Đại học Đà Nẵng